Study guide for use with auditing
Saved in:
| Main Author: | |
|---|---|
| Other Authors: | |
| Format: | Book |
| Language: | English |
| Published: |
Boston :
Irwin McGraw-Hill,
1997
|
| Edition: | 2nd ed. |
| Subjects: | |
| Tags: |
Add Tag
No Tags, Be the first to tag this record!
|
MARC
| LEADER | 00000nam a2200000 i 4500 | ||
|---|---|---|---|
| 001 | 1/64751 | ||
| 008 | 980817s1997 eng d | ||
| 020 | |a 0256170878 | ||
| 035 | |l 10029488 | ||
| 040 | |a GR-MY-UA |b gre |e aacr | ||
| 041 | 0 | |a eng | |
| 082 | 0 | |a 657.45 | |
| 100 | 1 | |a Pany, Kurt. | |
| 245 | 1 | 0 | |a Study guide for use with auditing / |c Kurt Pany, O. Ray Whittington |
| 250 | |a 2nd ed. | ||
| 260 | |a Boston : |b Irwin McGraw-Hill, |c 1997 | ||
| 300 | |a v, 222 σ. | ||
| 650 | 0 | 0 | |a Auditing. |
| 650 | 0 | 0 | |a Auditors' reports. |
| 700 | 1 | |a Whittington, O. Ray. | |
| 852 | |a INST |b CHIOS |e 19980817 |h 657.45 PAN |p 005200015919 |q 005200015919 |t BK |y 0 | ||
| 901 | |a BIBL-1998-2 | ||
| 909 | |a Χ |b 058425 | ||
| 922 | |a 2ΕΛΗ |b 199807 |c ΤΔΕ |d ΠΑΠΑΣΩΤΗΡΙΟΥ | ||